Pergerakan Jama'ah Tabligh di Malaysia : penekanan khusus kepada metod penyampaian da'wah /
Saved in:
| Main Author: | |
|---|---|
| Format: | Thesis |
| Language: | English |
| Published: |
Bangi :
Universiti Kebangsaan Malaysia,
1985
|
| Subjects: | |
| Tags: |
Add Tag
No Tags, Be the first to tag this record!
|
| LEADER | 011480000a22003010004500 | ||
|---|---|---|---|
| 001 | 61089 | ||
| 005 | 20100415114300.0 | ||
| 008 | 930118s1985 my g m 000 0 eng d | ||
| 035 | |a (Sirsi) 61089 | ||
| 040 | |a UIAM |b eng |e rda | ||
| 050 | 0 | |a BP10.J26 | |
| 100 | 0 | |a Muhammad Zain Husin, |e author | |
| 245 | 1 | 0 | |a Pergerakan Jama'ah Tabligh di Malaysia : |b penekanan khusus kepada metod penyampaian da'wah / |c oleh Mohd. Zain bin Husin |
| 264 | 1 | |a Bangi : |b Universiti Kebangsaan Malaysia, |c 1985 | |
| 300 | |a 224 pages ; |c 30 cm. | ||
| 336 | |2 rdacontent |a text | ||
| 337 | |2 rdamedia |a unmediated | ||
| 338 | |2 rdacarrier |a volume | ||
| 502 | |a Thesis (B.A.)--Fakulti Pengajian Islam, Universiti Kebangsaan Malaysia, 1985. | ||
| 596 | |a 1 | ||
| 610 | 2 | 0 | |a Jama'ah Tabligh (Malaysia) |
| 650 | 0 | |a Islam |x Missions |z Malaysia | |
| 650 | 0 | |a Da'wah | |
| 655 | 0 | 7 | |a Theses, non-IIUM |
| 710 | 1 | |a Universiti Kebangsaan Malaysia. |b Fakulti Pengajian Islam | |
| 900 | |a arr-zmy-bal | ||
| 999 | |c 429954 |d 461445 | ||
| 952 | |0 0 |6 T BP 000010 J26 M9522P 1985 |7 0 |8 THESES |9 748899 |a IIUM |b IIUM |c MULTIMEDIA |g 0.00 |o t BP 10 J26 M9522P 1985 |p 00000094491 |r 2017-10-17 |t 1 |v 0.00 |y THESIS | ||
